000 00753nam a2200289 a 4500
003 AR-BaBNM
005 20251128204704.0
008 082120s2002 ||||||||||||||000 | spa||
020 _a980-6005-20-1
040 _cAR-BaBNM
100 1 _aRoffé de Estévez, Flor
245 0 0 _aVicente Emilio y sus gatos
260 _aCaracas
_bAlfadil Ediciones
_c1987
300 _a30 p.
_bil.
490 0 _aGuarimba
650 4 _aLIBROS PARA NIÑOS
650 4 _aLITERATURA INFANTIL
650 4 _aCUENTOS DE ANIMALES
650 4 _aBIOGRAFIAS
653 _aNARRATIVA
655 _aLITERATURA
700 1 _aKeller, Cristina
_eilustrador
700 1 _aRamírez, Marta
_eilustrador
800 1 _aBosch, Velia
_edirector
942 _cBK
998 _cMARTIN
999 _c8426
_d8426